5HLuxD.jpg

KING HENRY VIII SENIOR AND PRIMARY SCHOOL LIBRARY OPAC

Don Juan in Soho : (Record no. 3006)

000 -LEADER
fixed length control field 00813pam a2200289 i 4500
001 - CONTROL NUMBER
control field 020819130
003 - CONTROL NUMBER IDENTIFIER
control field UkOxU
005 - DATE AND TIME OF LATEST TRANSACTION
control field 20230914152034.0
008 - FIXED-LENGTH DATA ELEMENTS--GENERAL INFORMATION
fixed length control field 170303s2017 enk 000 d|eng d
015 ## - NATIONAL BIBLIOGRAPHY NUMBER
National bibliography number GBB731957
Source bnb
016 7# - NATIONAL BIBLIOGRAPHIC AGENCY CONTROL NUMBER
Record control number 018246962
Source Uk
020 ## - INTERNATIONAL STANDARD BOOK NUMBER
International Standard Book Number 9780571339433 (pbk.)
035 ## - SYSTEM CONTROL NUMBER
System control number (Uk)018246962
040 ## - CATALOGING SOURCE
Original cataloging agency StDuBDS
Language of cataloging eng
Description conventions rda
Transcribing agency StDuBDS
Modifying agency Uk
-- KH8
042 ## - AUTHENTICATION CODE
Authentication code ukblsr
082 04 - DEWEY DECIMAL CLASSIFICATION NUMBER
Classification number 822.914 MAR
Edition number 23
100 1# - MAIN ENTRY--PERSONAL NAME
Personal name Marber, Patrick,
Dates associated with a name 1964-
Relator term author.
245 10 - TITLE STATEMENT
Title Don Juan in Soho :
Remainder of title after Molière /
Statement of responsibility, etc. Patrick Marber.
250 ## - EDITION STATEMENT
Edition statement Revised and reset.
264 #1 - PRODUCTION, PUBLICATION, DISTRIBUTION, MANUFACTURE, AND COPYRIGHT NOTICE
Place of production, publication, distribution, manufacture London :
Name of producer, publisher, distributor, manufacturer Faber & Faber,
Date of production, publication, distribution, manufacture, or copyright notice 2017.
300 ## - PHYSICAL DESCRIPTION
Extent 74 pages ;
Dimensions 20 cm.
336 ## - CONTENT TYPE
Content type term text
Source rdacontent
337 ## - MEDIA TYPE
Media type term unmediated
Source rdamedia
338 ## - CARRIER TYPE
Carrier type term volume
Source rdacarrier
650 #0 - SUBJECT ADDED ENTRY--TOPICAL TERM
Topical term or geographic name entry element Libertinism
Form subdivision Drama.
942 ## - ADDED ENTRY ELEMENTS (KOHA)
Source of classification or shelving scheme
Koha item type Teaching Resources
Holdings
Withdrawn status Lost status Source of classification or shelving scheme Damaged status Not for loan Collection code Permanent Location Current Location Shelving location Date acquired Full call number Barcode Date last seen Price effective from Koha item type
          Teaching Resources KH8 Senior School Library KH8 Senior School Library Staff Office 2023-09-14 822.914 MAR TRKHSL003207 2023-09-14 2023-09-14 Teaching Resources

Powered By KH8 IT Dept